000 00951nam a2200301 i 4500
001 8937
003 KOSZ 005
005 20200630132819.0
008 070809s1970 pl a f f |000 0 pol
015 _aPB 1970/7852
035 _a(OCoLC)839121927
040 _aWA N
_cWA N
_dKOSZ 005/EG
041 _apol
046 _k1970
080 _a101
080 _a(07)
100 1 _aKasprzyk, Leszek
_d(1925- ).
_eAutor
245 1 0 _aWprowadzenie do filozofii /
_cLeszek Kasprzyk, Adam Węgrzecki.
260 _aWarszawa :
_bPaństwowe Wydawnictwo Naukowe,
_c1970.
300 _a281, [2] s. :
_berr. ;
_c23 cm.
380 _aKsiążki.
650 4 _aFilozofia
655 4 _aPodręczniki
700 1 _aWęgrzecki, Adam
_d(1937- ).
_eAutor
710 2 _aPaństwowe Wydawnictwo Naukowe
_4pbl.
856 _uhttp://koha.tu.koszalin.pl/cgi-bin/koha/opac-detail.pl?biblionumber=8937
_yKatalog online BPK
942 _2UKD
_cKS
999 _c8937
_d8937